000
00276nam a2200121Ia 4500
008
190216s9999||||xx |||||||||||||| ||und||
100
_a
Yogeswari Sashtri
245
0
_a
Hindi-Apoorna Purush
260
_b
Anu Prakashan
_c
2009
300
_a
343
650
_a
Hindi
942
_c
BK
999
_c
16845
_d
16845